|
|
|
|
| LEADER |
01231nam a2200289 a 4500 |
| 001 |
14932008 |
| 008 |
110502s2010 nyu b 001 0 eng d |
| 010 |
|
|
|a 2007029605
|
| 020 |
|
|
|a 9788130912950
|
| 020 |
|
|
|a 9780791095775 (alk. paper)
|
| 020 |
|
|
|a 0791095770 (alk. paper)
|
| 040 |
|
|
|a DLC
|c DLC
|d YDX
|d BAKER
|d YDXCP
|d DLC
|d BD-DhAAL
|
| 082 |
0 |
0 |
|a 822.3/3
|2 22
|
| 245 |
0 |
4 |
|a The tempest /
|c edited and with an introduction by Harold Bloom ; volume editor, Neil Heims .
|
| 260 |
|
|
|a New York :
|b Facts on file, Inc. ;
|a New Delhi :
|b Viva books,
|c 2010.
|
| 300 |
|
|
|a xiii, 276 p. ;
|c 25
|c cm.
|
| 490 |
0 |
|
|a Harold Bloom's Shakespeare through the ages
|
| 500 |
|
|
|a Set of 15 volumes.
|
| 504 |
|
|
|a Includes bibliographical references (p. 263-264) and index.
|
| 541 |
|
|
|e 00022416
|
| 600 |
1 |
0 |
|a Shakespeare, William
|d 1564-1616
|t Tempest.
|
| 700 |
1 |
|
|a Heims, Neil.
|
| 700 |
1 |
|
|a Bloom, Harold.
|
| 700 |
1 |
2 |
|a Shakespeare, William,
|d 1564-1616.
|t Tempest.
|
| 852 |
4 |
|
|a Ayesha Abed Library
|j General shelf
|
| 999 |
|
|
|c 10782
|d 10782
|
| 952 |
|
|
|0 0
|1 0
|2 ddc
|4 0
|6 822_330000000000000_TEM
|7 0
|9 16248
|a BRACUL
|b BRACUL
|c GEN
|d 2011-05-03
|e Friends book corner
|g 667.00
|l 12
|m 61
|o 822.33 TEM
|p 3010022416
|q 2026-06-02
|r 2026-02-18
|s 2026-02-18
|t 1
|w 2011-05-03
|y BK
|